| 000 | 00627nam a22002057a 4500 | ||
|---|---|---|---|
| 005 | 20161004122555.0 | ||
| 008 | 161004b xxu||||| |||| 00| 0 eng d | ||
| 020 |
_a9781474401401 _c1855.07 |
||
| 040 | _aLoreto College | ||
| 041 | _aEnglish | ||
| 082 |
_a822.91 _bBEC-SAL |
||
| 100 | _aSalisbury,Laura | ||
| 245 |
_aSamuel Beckett _bLaughing matters,comic timing _cLaura Salisbury |
||
| 260 |
_aEdinburgh _bEdinburgh University Press _c2015 |
||
| 300 | _aviii,253p | ||
| 504 | _aIncludes bibliographical references and index | ||
| 650 | _aBeckett,Samuel-Criticism and interpretation | ||
| 850 |
_aLCLIB _bPG |
||
| 942 | _cBK | ||
| 999 |
_c40781 _d91260 |
||